ՀՀ Գիտությունների ազգային ակադեմիայի հիմնարար գիտական գրադարան  =   Fundamental Scientific Library of NAS RA

Բկլիկ ձկնիկ : (Record no. 145785)

MARC details
000 -LEADER
fixed length control field 00929nam a2200217 a 4500
001 - CONTROL NUMBER
control field 000381981
003 - CONTROL NUMBER IDENTIFIER
control field AM-YeHGA
005 - DATE AND TIME OF LATEST TRANSACTION
control field 20250618072319.0
008 - FIXED-LENGTH DATA ELEMENTS--GENERAL INFORMATION
fixed length control field 041115s1986 ai 000 | arm d
040 ## - CATALOGING SOURCE
Original cataloging agency AM-YeHGA
041 0# - LANGUAGE CODE
Language code of text/sound track or separate title arm
090 ## - LOCALLY ASSIGNED LC-TYPE CALL NUMBER (OCLC); LOCAL CALL NUMBER (RLIN)
-- 147170
100 0# - MAIN ENTRY--PERSONAL NAME
Personal name Խնկո Ապեր,
Dates associated with a name 1870-1935
245 10 - TITLE STATEMENT
Title Բկլիկ ձկնիկ :
Remainder of title [Մանկական բանաստեղծություն նախադպր. տարիքի համար] /
Statement of responsibility, etc. Աթ. Խնկոյան; Խմբ.՝ Ռ.Հ. Քալաշյան; Նկ.՝ Ս. Սաֆյան.
260 ## - PUBLICATION, DISTRIBUTION, ETC.
Place of publication, distribution, etc. Երևան :
Name of publisher, distributor, etc. Սովետական գրող,
Date of publication, distribution, etc. 1986.
300 ## - PHYSICAL DESCRIPTION
Extent [10] էջ :
Other physical details գունանկ. ;
Dimensions 10 սմ.
440 #0 - SERIES STATEMENT/ADDED ENTRY--TITLE
Title Իմ առաջին գրքերը
650 14 - SUBJECT ADDED ENTRY--TOPICAL TERM
Topical term or geographic name entry element Հայ մանկական գրականություն
General subdivision Բանաստեղծություն
700 1# - ADDED ENTRY--PERSONAL NAME
Personal name Քալաշյան, Ռ.Հ.
Relator term խմբ.
Relationship edt
700 1# - ADDED ENTRY--PERSONAL NAME
Personal name Սաֆյան, Սպարտակ Գևորգի,
Dates associated with a name 1929-2001
Relator term նկ.
Relationship art
9 (RLIN) 4028
Holdings
Withdrawn status Lost status Damaged status Not for loan Collection Home library Current library Date acquired Total checkouts Full call number Barcode Date last seen Cost, replacement price Price effective from Koha item type Public note
        General Fundamental Scientific Library Fundamental Scientific Library 22/12/2016   AI/18018 FL0060659 22/12/2016 5.00 22/12/2016 Գրքեր / Books 30 Days Loan


ՀՀ ԳԱԱ հիմնարար գիտական գրադարան
ՀՀ,Երևան 0019
Մարշալ Բաղրամյան 24/6
հեռախոս:(374-10) 52-47-50
Հետադարձ կապ

All site content, except where otherwise noted, is licensed under a
Creative Commons License